000 01156nam a2200337 a 4500
001 000082019
005 20200120224649.0
008 161128s2016 ag ad||gr|||| 001 ||spa d
020 _a9789875917170
041 0 _a-¿spa
043 _as-ag---
082 0 4 _a612.3
_bF87
_221
100 1 _aFurnes, Raquel A.
245 1 0 _aNutrición infantil en lactantes, niños y adolescentes /
_cRaquel A. Furnes ; Mariana B. Láquis.
250 _a1a. ed.
260 _aCórdoba :
_bEditorial brujas,
_c2016.
300 _a230 páginas. :
_bIlustraciones y diagramas a blanco y negro.
500 _aIncluye índice
500 _aej.2 ISBN : 9789875915794, con título en la carátula : Nutrición infantil en situación de enfermedad.
504 _aReferencias bibliográficas : p.230
650 1 7 _aNutrición
_2LEMB
650 2 7 _aDesnutrición infantil
_2LEMB
650 2 7 _aEnfermedades carenciales
_2LEMB
650 2 7 _aAnemia
_2LEMB
650 2 7 _aRaquitismo
_2LEMB
650 2 7 _aConstipación intestinal
_2LEMB
650 2 7 _aDiarrea
_2LEMB
650 2 7 _aDiabetes infantil
_2LEMB
650 2 7 _aObesidad en niños
_2LEMB
700 1 _aLáquis, Mariana B.
999 _c10428
_d10428